000 00600nam a22002052 4500
001 0000007109
005 20151217152022.0
008 071117s xx 000 0 eng d
020 _a1403948373 :
_cKES 3750
040 _aKABU
_cKABU
100 1 _aPilbeam, Keith.
_@0000152531
245 1 0 _aInternational finance /
_cKeith Pilbeam.
250 _a3rd ed.
260 _aBasingstoke, England :
_bPalgrave Macmillan,
_c2006.
300 _axxvi, 497 p.
650 0 _aInternational finance.
_@0000149975
908 _a071117
950 _@1
999 _c7399
_d7399